Homonymes - Géographie #2 - Statistiques

Statistiques générales
  • Ce quiz a été pris 861 fois
  • Le résultat moyen est 6 sur 10
Statistiques - réponses
C'est... Et... Homonyme % Correct
Un état des Etats-Unis La capitale des Etats-Unis Washington
100%
Une grande ville d'Espagne La préfecture de la Drôme Valence
66%
Le nom des "régions suisses" La plus grande mégapole du monde Canton
59%
Un pays d'Amérique Centrale Une grande ville du Brésil Salvador
57%
Un pays d'Europe Une région de Grèce Macédoine
56%
Une grande ville de Bolivie Une ville de la Californie mexicaine La Paz
53%
La plus grande ville de Nouvelle-Zélande Un archipel au sud de la Nouvelle-Zélande Auckland
50%
Une grande ville du Québec La préfecture de la Mayenne Laval
44%
La deuxième plus grande île du Canada La capitale des Seychelles Victoria
44%
Une grande ville des Etats-Unis Une grande ville d'Egypte antique Memphis
36%
Aucun quiz correspondant
Distribution des résultats
% des personnes avec chaque résultat
Percentile par nombre de réponses
Votre historique - résultats
Vous n’avez pas pris ce quiz